Cerámicas griegas de la Península Ibérica / (Record no. 146307)

MARC details
000 -LEADER
campo de control de longitud fija 00792nam a2200241 i 4500
001 - NÚMERO DE CONTROL
campo de control 146307
003 - IDENTIFICADOR DE NÚMERO DE CONTROL
campo de control ES-MaACL
005 - FECHA Y HORA DE LA ÚLTIMA TRANSACCIÓN
campo de control 20230906201503.0
007 - CAMPO FIJO DE DESCRIPCIÓN FÍSICA--INFORMACIÓN GENERAL
campo de control de longitud fija t|
008 - DATOS DE LONGITUD FIJA--INFORMACIÓN GENERAL
campo de control de longitud fija 070906s1967 sp ||||1| spa d
080 ## - NÚMERO DE LA CLASIFICACIÓN DECIMAL UNIVERSAL
Número de la Clasificación Decimal Universal 738(38:365)
100 1# - ENTRADA PRINCIPAL--NOMBRE DE PERSONA
Nombre de persona Trías de Arribas, Gloria.
9 (RLIN) 111373
245 10 - MENCIÓN DEL TÍTULO
Título Cerámicas griegas de la Península Ibérica /
Mención de responsabilidad, etc. Gloria Trías de Arribas.
260 ## - PUBLICACIÓN, DISTRIBUCIÓN, ETC.
Lugar de publicación, distribución, etc. Valencia :
Nombre del editor, distribuidor, etc. [s.n.],
Fecha de publicación, distribución, etc. 1967 (
Fabricante Imp. Domenech)
300 ## - DESCRIPCIÓN FÍSICA
Extensión 1 v. ;
Dimensiones 28 cm.
490 1# - MENCIÓN DE SERIE
Mención de serie Publicaciones de Arqueología Hispánica
500 ## - NOTA GENERAL
Nota general Es el tomo I.
650 #4 - PUNTO DE ACCESO ADICIONAL DE MATERIA--TÉRMINO DE MATERIA
Término de materia o nombre geográfico como elemento de entrada Cerámica griega-
Subdivisión geográfica Península Ibérica.
9 (RLIN) 10895
710 2# - ENTRADA AGREGADA--NOMBRE DE ENTIDAD CORPORATIVA
Nombre de entidad corporativa o nombre de jurisdicción como elemento de entrada Arqueología Hispánica.
9 (RLIN) 1489
830 0# - PUNTO DE ACCESO ADICIONAL DE SERIE-TÍTULO UNIFORME
Título uniforme Publicaciones de Arqueología Hispánica
9 (RLIN) 220829
852 ## - LOCALIZACIÓN
Ubicación ES-MaACL
Número de control de estantería P-1309
Sublocalización o colección R.65389
Holdings
Estatus retirado Estado de pérdida Estado de daño No para préstamo Biblioteca de origen Biblioteca actual Ubicación en estantería Fecha de adquisición Fuente de adquisición Total de préstamos Signatura topográfica completa Código de barras Visto por última vez Precio de reemplazo Tipo de ítem Koha
        Biblioteca del Ateneo de Madrid Biblioteca del Ateneo de Madrid Depósito 2 17/01/2008     P-1309 1152708 23/02/2023 23/02/2023 Libro impreso